000
00246nam a2200097Ia 4500
001
797742
005
20250826170813.0
008
250824s9999 xx 000 0 und d
245
0
_a
DOST KAYNAĞI
_c
BİLAL SAMİ GÖKDEMİR
260
_b
PANAMA YAYINLARI
999
_c
797742
_d
797742